New Male Star of the Year (Golden Globes) Quiz Stats

 Plays Quiz not verified by Sporcle

Challenge
Share
Tweet
Embed
Score 0/62 Timer 10:00
0 Plays Today
Year Winner % Correct
1949No Winner
100%
1951No Winner
100%
1978No Winner
100%
1982No Winner
100%
1957Paul Newman
40%
1968Dustin Hoffman
40%
1966Robert Redford
36.8%
1971James Earl Jones
33.7%
1963Peter O'Toole
31.6%
1962Warren Beatty
27.4%
1953Richard Burton
26.3%
1970Jon Voight
26.3%
1958Patrick Wayne
23.2%
1981Timothy Hutton
23.2%
1974Paul Le Mat
22.1%
1961Mark Damon
21.1%
1979Brad Davis
20%
1983Ben Kingsley
20%
1957Anthony Perkins
18.9%
1964Albert Finney
16.8%
1977Arnold Schwarzenegger
16.8%
1965George Segal
15.8%
1963Omar Sharif
14.7%
1948Richard Widmark
13.7%
1950Gene Nelson
13.7%
1962Bobby Darin
13.7%
1964Robert Walker
13.7%
1958James Garner
12.6%
1960George Hamilton
12.6%
1960Troy Donahue
12.6%
1972Desi Arnaz
12.6%
Year Winner % Correct
1973Edward Albert
12.6%
1980Rick Schroder
12.6%
1952Kevin McCarthy
11.6%
1955Jeff Richards
11.6%
1957John Kerr
11.6%
1958John Saxon
11.6%
1959John Gavin
11.6%
1961Brett Halsey
11.6%
1963Terence Stamp
11.6%
1975Joseph Bottoms
11.6%
1950Richard Todd
10.5%
1954Richard Egan
10.5%
1954Steve Forrest
10.5%
1954Hugh O'Brian
10.5%
1955Joe Adams
10.5%
1956Russ Tamblyn
10.5%
1956Ray Danton
10.5%
1959Efrem Zimbalist
10.5%
1959Bradford Dillman
10.5%
1960James Shigeta
10.5%
1960Barry Coe
10.5%
1961Michael Callan
10.5%
1962Richard Beymer
10.5%
1963Keir Dullea
10.5%
1965Chaim Topol
10.5%
1965Harve Presnell
10.5%
1969Leonard Whiting
10.5%
1976Brad Dourif
10.5%
1955George Nader
9.5%
1964Stathis Giallelis
9.5%
1967James Farentino
9.5%

You're not logged in!

Compare scores with friends on all Sporcle quizzes.
OR
Log In

You Might Also Like...

Show Comments

Extras

Top Quizzes Today


Score Distribution

Your Account Isn't Verified!

In order to create a playlist on Sporcle, you need to verify the email address you used during registration. Go to your Sporcle Settings to finish the process.

Report this User

Report this user for behavior that violates our Community Guidelines.

Details: